Statistics for Lana Del Rey - Paris, Texas Lyrics

Click here to take the quiz!

General Stats

  • This quiz has been taken 20 times
  • The average score is 172 of 188

Answer Stats

Answer% Correct
a
100%
Alabama
100%
friends
100%
hand
100%
I
100%
in
100%
know
100%
my
100%
no
100%
notebook
100%
Paris
100%
see
100%
some
100%
Spain
100%
suitcase
100%
(Texas)
100%
to
100%
went
100%
When
100%
when
100%
With
100%
you
100%
Down
94%
go
94%
had
94%
home
94%
It
94%
it's
94%
It's
94%
Just
94%
Knew
94%
leave
94%
right
94%
That
94%
that
94%
the
94%
they
94%
time
94%
Time
94%
took
94%
understand
94%
wouldn't
94%
wrong
94%
You're
94%
you're
94%
And
88%
Even
88%
Florence
88%
mine
88%
of
88%
on
88%
Then
88%
train
88%
back
81%
more
81%
one
81%
only
81%
than
81%
alone
75%
are
75%
bright
75%
Brighter
75%
flew
75%
star
75%
California)
69%
Dancin'
69%
floor
69%
left
69%
Like
69%
same
69%
weren't
69%
breeze
63%
(But)
63%
call
63%
everyone's
63%
Except
63%
is
63%
summer
63%
they're
63%
(Venice
63%
while
63%
everything's
56%
“Hello”
56%
seems
56%

Score Distribution

Percentile by Number Answered

Percent of People with Each Score

Your Score History

You have not taken this quiz